000 00424nam a22001697a 4500
003 OSt
005 20211129144601.0
008 211129b |||||||| |||| 00| 0 eng d
020 _a0-632-03901-9
040 _aDDC
_cHU
082 _26TH
_a616.07572
_b4
100 _aJOHN BALL
_920953
245 _aCHESNEYS RADIOGRAPHIC IMAGING
250 _a6TH
260 _aTHORONTO
_bBLACKWELL SCIENCE LTD
_c1995
942 _2ddc
_cBOOKS
_n0
999 _c20580
_d20580